000 00639nas a2200217 4500
001 BR4300077
003 BR-BrBNA
005 20231205081824.0
007 ta
008 230509b bl.|||p| |||| 00| 00por d
040 _aBR-BrBNA
_bpor
_cBiblioteca Nacional de Agricultura
041 _a(Pt)
072 _aE15
110 1 _aServico de Economia Rural, Rio de Janeiro, GB (Brasil)
_99315
245 1 _aCarta do cooperativismo agricola
650 _aMicroeconomia
650 _aCooperativa
773 0 _tCooperacao (Brazil)
_x
_g(May 1943), v. 2(11) p. 14-15
_wBR4300077
909 _a202311
_bLúcia
_c55
_dLúcia Elande
942 _2AGRIS
_n0
_cANA
999 _c87109
_d87109